Liczby od 1 do 100 w minutę - Statystyki

Ogólne statystyki
  • Ten quiz został rozwiązany 947 razy
  • Średni wynik to 66 z 100
Statystyki odpowiedzi
Liczby % Poprawnych
1
100%
2
99%
3
98%
4
98%
5
98%
6
98%
7
97%
8
96%
9
96%
11
92%
12
92%
13
91%
10
90%
14
90%
21
90%
15
89%
16
88%
17
88%
19
88%
20
88%
22
88%
18
87%
23
87%
24
86%
27
86%
25
85%
26
85%
28
85%
29
84%
30
83%
31
83%
32
82%
33
81%
34
81%
35
80%
36
80%
37
80%
39
79%
43
79%
45
79%
38
78%
41
78%
40
77%
42
77%
44
77%
46
75%
47
74%
48
73%
50
73%
51
73%
49
71%
53
71%
52
70%
54
70%
56
70%
55
69%
57
65%
58
63%
59
63%
61
62%
60
61%
62
61%
63
61%
64
60%
65
59%
66
58%
67
57%
68
52%
70
52%
69
51%
71
50%
72
50%
73
49%
74
46%
77
46%
75
45%
76
44%
78
42%
80
41%
79
40%
81
40%
82
40%
83
38%
84
38%
88
36%
85
35%
87
35%
90
35%
86
33%
89
32%
91
32%
93
32%
92
31%
94
31%
99
30%
95
29%
96
29%
97
28%
100
27%
98
27%
Nie znaleziono quizów pasujących do podanych kryteriów
Rozkład punktacji
Procent ludzi z każdym wynikiem
Percentyl według liczby udzielonych odpowiedzi
Twoja historia wyników
Nie rozwiązałeś tego quizu